[Event "CEDIS Festival saha - 3. turnir"]
[Site "Podgorica"]
[Date "2025.05.30"]
[Round "1.1"]
[White "Lakusic, Zoran"]
[Black "Djukanovic, Sreten"]
[Result "0-1"]
[WhiteElo "1737"]
[BlackElo "2106"]
[PlyCount "38"]
[EventDate "2025.05.30"]
[EventType "swiss"]
[EventRounds "5"]
[EventCountry "MNE"]
[SourceDate "2025.05.31"]

1. Nf3 c5 2. c4 Nc6 3. Nc3 g6 4. d4 cxd4 5. Nxd4 Bg7 6. Nxc6 bxc6 7. Qc2 Nf6 8.
e4 O-O 9. Bd3 d6 10. O-O Ng4 11. Bf4 Ne5 12. Bxe5 Bxe5 13. f4 Bg7 14. f5 Qa5
15. fxg6 hxg6 16. Kh1 Rb8 17. Rab1 Be5 18. Qa4 Bxc3 19. Qxc6 Be5 0-1

[Event "CEDIS Festival saha - 3. turnir"]
[Site "Podgorica"]
[Date "2025.05.30"]
[Round "1.2"]
[White "Abramovic, Dragoljub"]
[Black "Koprivica, Andrija"]
[Result "1/2-1/2"]
[WhiteElo "2001"]
[BlackElo "1695"]
[PlyCount "128"]
[EventDate "2025.05.30"]
[EventType "swiss"]
[EventRounds "5"]
[EventCountry "MNE"]
[SourceDate "2025.05.31"]

1. d4 d5 2. c4 e6 3. Qc2 Nf6 4. Bg5 Bb4+ 5. Nd2 Bxd2+ 6. Bxd2 b6 7. Rc1 O-O 8.
Nf3 c6 9. Bg5 Nbd7 10. e3 Ba6 11. Ne5 Qc8 12. Nxd7 Nxd7 13. Bd3 h6 14. Be7 Re8
15. Bd6 c5 16. cxd5 cxd4 17. Qd2 Nc5 18. Bxc5 bxc5 19. O-O exd5 20. Bxa6 Qxa6
21. Rxc5 dxe3 22. fxe3 Qxa2 23. Rxd5 Rxe3 24. Rd7 Rae8 25. Qd4 Re1 26. Rxe1
Rxe1+ 27. Kf2 Qb1 28. Rd8+ Kh7 29. Qd3+ Qxd3 30. Rxd3 Re7 31. Ra3 f6 32. b4 Re4
33. Rxa7 Rxb4 34. Kf3 h5 35. g3 Kh6 36. Ra6 Rb2 37. h3 Rh2 38. Rb6 Kg5 39. Rb5+
f5 40. Rb6 g6 41. h4+ Kh6 42. Ra6 Rh1 43. Kg2 Re1 44. Kf2 Re4 45. Kf3 Kg7 46.
Rb6 Kf7 47. Ra6 Re6 48. Ra8 Rb6 49. Rc8 Kf6 50. Rf8+ Ke5 51. Re8+ Re6 52. Rd8
Rb6 53. Re8+ Kf6 54. Rf8+ Kg7 55. Rd8 Rf6 56. Kf4 Rf8 57. Rd7+ Kh6 58. Re7 Ra8
59. Rf7 Ra4+ 60. Kf3 Rg4 61. Kf2 g5 62. Rxf5 gxh4 63. gxh4 Rxh4 64. Kg3 Ra4
1/2-1/2

[Event "CEDIS Festival saha - 3. turnir"]
[Site "Podgorica"]
[Date "2025.05.30"]
[Round "1.3"]
[White "Pavlovic, David"]
[Black "Sijaric, Alvir"]
[Result "0-1"]
[WhiteElo "1557"]
[BlackElo "1971"]
[PlyCount "94"]
[EventDate "2025.05.30"]
[EventType "swiss"]
[EventRounds "5"]
[EventCountry "MNE"]
[SourceDate "2025.05.31"]

1. e4 c6 2. d4 d5 3. exd5 cxd5 4. Nf3 Nf6 5. Be2 Nc6 6. O-O Bf5 7. a3 h6 8. Bf4
e6 9. Nbd2 Bd6 10. Bxd6 Qxd6 11. Rc1 Rc8 12. c4 dxc4 13. Nxc4 Qb8 14. Nfe5 O-O
15. Nxc6 Rxc6 16. Bf3 Rc7 17. Ne5 Rxc1 18. Qxc1 Rc8 19. Qe3 Qc7 20. h3 Qb6 21.
b4 Rd8 22. Rd1 Bc2 23. Rd2 Bb1 24. Qc3 Be4 25. Qc5 Bxf3 26. Qxb6 axb6 27. Nxf3
Nd5 28. Ne5 Rc8 29. Rd3 f6 30. Nf3 Rc1+ 31. Kh2 g5 32. g3 Rc2 33. Kg2 h5 34.
Nd2 h4 35. Ne4 hxg3 36. Kxg3 Kg7 37. Nd6 Nf4 38. Rf3 Ne2+ 39. Kg2 Nxd4 40. Rd3
Ne2 41. Kh1 Nf4 42. Rb3 Rxf2 43. Nxb7 Rd2 44. a4 Rd7 45. Nc5 bxc5 46. bxc5 Ra7
47. Rb4 Nd5 0-1

[Event "CEDIS Festival saha - 3. turnir"]
[Site "Podgorica"]
[Date "2025.05.30"]
[Round "1.4"]
[White "Sekulic, Nikola"]
[Black "Zarudniak, Elisei"]
[Result "1-0"]
[WhiteElo "1955"]
[BlackElo "1555"]
[PlyCount "85"]
[EventDate "2025.05.30"]
[EventType "swiss"]
[EventRounds "5"]
[EventCountry "MNE"]
[SourceDate "2025.05.31"]

1. e4 c5 2. Nf3 Nc6 3. d4 cxd4 4. Nxd4 Nf6 5. Nc3 g6 6. Bc4 Bg7 7. f3 O-O 8.
Be3 e6 9. Nxc6 bxc6 10. Bc5 Re8 11. Bd6 Qb6 12. Qd2 Bf8 13. Na4 Qb7 14. O-O-O
Bxd6 15. Qxd6 Rb8 16. Bb3 Qb4 17. Qe5 Nh5 18. c3 Rb5 19. Qc7 Qe7 20. Qxa7 Qg5+
21. Rd2 d5 22. Qc7 dxe4 23. fxe4 Rb7 24. Qxc6 Rd8 25. Rhd1 Rbd7 26. Qc5 Qh6 27.
Qf2 Nf6 28. Nc5 Rxd2 29. Rxd2 Ng4 30. Qe2 Nxh2 31. Kc2 Rxd2+ 32. Qxd2 Qxd2+ 33.
Kxd2 Ng4 34. Bd1 Ne5 35. b4 h5 36. a4 h4 37. a5 g5 38. a6 f5 39. a7 Nc4+ 40.
Ke1 Nb6 41. exf5 exf5 42. Bf3 Kf7 43. Na4 1-0

[Event "CEDIS Festival saha - 3. turnir"]
[Site "Podgorica"]
[Date "2025.05.30"]
[Round "1.5"]
[White "Markovic, Janko"]
[Black "Vujadinovic, Zeljko"]
[Result "0-1"]
[WhiteElo "1516"]
[BlackElo "1803"]
[PlyCount "76"]
[EventDate "2025.05.30"]
[EventType "swiss"]
[EventRounds "5"]
[EventCountry "MNE"]
[SourceDate "2025.05.31"]

1. e4 c6 2. d4 d5 3. e5 h6 4. Nf3 Bg4 5. Be2 Bxf3 6. Bxf3 e6 7. O-O c5 8. c3
cxd4 9. cxd4 Nc6 10. Be3 Be7 11. Nc3 Bb4 12. a3 Bxc3 13. bxc3 Nge7 14. Rb1 b6
15. Qa4 O-O 16. Rfc1 Na5 17. Qc2 Nc4 18. Qb3 Nf5 19. Rc2 Nfxe3 20. fxe3 Nxe3
21. Re2 Nc4 22. Rf1 Qg5 23. Rff2 Rac8 24. a4 Rc7 25. g3 Rfc8 26. Rc2 Ne3 27.
Rc1 Nf5 28. Qb2 Nxd4 29. Rff1 Qe3+ 30. Kg2 Rxc3 31. Rxc3 Rxc3 32. Kh1 Nxf3 33.
Qg2 Nxe5 34. Qg1 Qxg1+ 35. Rxg1 Rc2 36. h3 Nf3 37. Rg2 Rxg2 38. Kxg2 Ne5 0-1

[Event "CEDIS Festival saha - 3. turnir"]
[Site "Podgorica"]
[Date "2025.05.30"]
[Round "1.6"]
[White "Kalac, Hajran"]
[Black "Vukovic, Stefan"]
[Result "1-0"]
[WhiteElo "1797"]
[BlackElo "1415"]
[PlyCount "35"]
[EventDate "2025.05.30"]
[EventType "swiss"]
[EventRounds "5"]
[EventCountry "MNE"]
[SourceDate "2025.05.31"]

1. e4 c6 2. Ne2 d5 3. e5 e6 4. d4 c5 5. c3 cxd4 6. cxd4 Bb4+ 7. Nbc3 Ne7 8. Ng3
O-O 9. Bd3 Nbc6 10. Be3 b6 11. Qc2 Qc7 12. Bxh7+ Kh8 13. Bd3 g6 14. h4 Kg7 15.
a3 Bxc3+ 16. bxc3 Rh8 17. Bg5 Qd7 18. Bf6+ 1-0

[Event "CEDIS Festival saha - 3. turnir"]
[Site "Podgorica"]
[Date "2025.05.31"]
[Round "2.1"]
[White "Djukanovic, Sreten"]
[Black "Sekulic, Nikola"]
[Result "0-1"]
[WhiteElo "2106"]
[BlackElo "1955"]
[PlyCount "138"]
[EventDate "2025.05.30"]
[EventType "swiss"]
[EventRounds "5"]
[EventCountry "MNE"]
[SourceDate "2025.05.31"]

1. d4 Nf6 2. c4 d5 3. cxd5 Nxd5 4. e4 Nb6 5. Nc3 e6 6. Nf3 Be7 7. Bd3 O-O 8.
O-O f5 9. exf5 exf5 10. Qb3+ Kh8 11. Ne5 Qe8 12. Re1 Bd6 13. Bd2 Bxe5 14. Rxe5
Qd8 15. d5 N8d7 16. Rxf5 Nf6 17. Rf3 Nfxd5 18. Bg5 Nf6 19. Re1 Bg4 20. Rg3 Qd7
21. Qb4 a5 22. Qf4 Be6 23. Qh4 Bf5 24. Bxf5 Qxf5 25. Rf3 Rae8 26. Rxe8 Rxe8 27.
h3 Re1+ 28. Kh2 Qe5+ 29. Bf4 Qc5 30. Rd3 Re8 31. Re3 Rxe3 32. Bxe3 Qe5+ 33. Kg1
Nbd5 34. Nxd5 Qxd5 35. Bd4 Qe6 36. Qf4 Qe4 37. Qxe4 Nxe4 38. f3 Nd6 39. Kf2 Kg8
40. g4 Kf7 41. Ke3 g6 42. b3 Ke6 43. Bc3 b6 44. f4 c5 45. Be5 b5 46. Bxd6 Kxd6
47. Ke4 a4 48. bxa4 bxa4 49. f5 gxf5+ 50. gxf5 h5 51. f6 Ke6 52. f7 Kxf7 53.
Kd5 Kf6 54. Kxc5 Kg5 55. Kb4 Kh4 56. Kxa4 Kxh3 57. Kb5 Kg3 58. a4 h4 59. a5 h3
60. a6 h2 61. Kb6 h1=Q 62. Ka7 Kf4 63. Kb8 Qh8+ 64. Kb7 Qg7+ 65. Kb8 Qf8+ 66.
Kb7 Qe7+ 67. Kb8 Qd8+ 68. Kb7 Qd7+ 69. Kb8 Qb5+ 0-1

[Event "CEDIS Festival saha - 3. turnir"]
[Site "Podgorica"]
[Date "2025.05.31"]
[Round "2.3"]
[White "Koprivica, Andrija"]
[Black "Kalac, Hajran"]
[Result "1-0"]
[WhiteElo "1695"]
[BlackElo "1797"]
[PlyCount "109"]
[EventDate "2025.05.30"]
[EventType "swiss"]
[EventRounds "5"]
[EventCountry "MNE"]
[SourceDate "2025.05.31"]

1. e4 Nc6 2. d4 e5 3. d5 Nce7 4. Nc3 Ng6 5. Nf3 Bb4 6. a3 Bxc3+ 7. bxc3 d6 8.
h3 Nf6 9. Bd3 b6 10. Bg5 h6 11. Bb5+ Bd7 12. Bxd7+ Qxd7 13. Bxf6 gxf6 14. g3 f5
15. Nd2 f4 16. a4 a5 17. c4 h5 18. h4 f5 19. Qf3 O-O-O 20. exf5 Qxf5 21. Qe4
Rdf8 22. Qxf5+ Rxf5 23. Ke2 Rhf8 24. Raf1 Kd7 25. Ne4 Ke7 26. Ng5 Kd7 27. Rhg1
Re8 28. Ne6 Re7 29. g4 hxg4 30. Rxg4 f3+ 31. Ke3 Nf8 32. Nxf8+ Rxf8 33. Rh1 Rh7
34. Rh3 Rhf7 35. Rgg3 Rh8 36. Rxf3 Rxf3+ 37. Kxf3 Rf8+ 38. Kg2 c6 39. h5 Rg8+
40. Rg3 Rh8 41. Rg7+ Kc8 42. Rg5 cxd5 43. cxd5 Kb7 44. c4 Rh7 45. Kg3 Kc7 46.
Kg4 Kd7 47. Rg6 Rf7 48. h6 Rxf2 49. Rg7+ Ke8 50. Kg3 Rf1 51. Kg2 Rf7 52. Rg8+
Ke7 53. Rb8 Kf6 54. Rxb6 Rd7 55. c5 1-0

[Event "CEDIS Festival saha - 3. turnir"]
[Site "Podgorica"]
[Date "2025.05.31"]
[Round "2.4"]
[White "Jovancevic, Jovan"]
[Black "Abramovic, Dragoljub"]
[Result "1-0"]
[WhiteElo "2110"]
[BlackElo "2001"]
[PlyCount "53"]
[EventDate "2025.05.30"]
[EventType "swiss"]
[EventRounds "5"]
[EventCountry "MNE"]
[SourceDate "2025.05.31"]

1. d4 d5 2. c4 c6 3. Nc3 Nf6 4. e3 a6 5. Nf3 Bf5 6. cxd5 cxd5 7. Qb3 Bc8 8. Bd3
Nc6 9. O-O e6 10. h3 Be7 11. Bd2 O-O 12. Rac1 Bd7 13. Ne5 Qb8 14. f4 Rd8 15.
Be1 Ne8 16. Bb1 Qd6 17. Na4 b5 18. Nc5 Bc8 19. Qc2 Nf6 20. Ncd3 Na7 21. Bb4
Qxb4 22. Nxb4 Bxb4 23. Nd3 Bd6 24. Nc5 Nc6 25. Qd2 Ne7 26. Qa5 Bd7 27. Nb7 1-0

[Event "CEDIS Festival saha - 3. turnir"]
[Site "Podgorica"]
[Date "2025.05.31"]
[Round "2.5"]
[White "Vukovic, Stefan"]
[Black "Lakusic, Zoran"]
[Result "0-1"]
[WhiteElo "1415"]
[BlackElo "1737"]
[PlyCount "50"]
[EventDate "2025.05.30"]
[EventType "swiss"]
[EventRounds "5"]
[EventCountry "MNE"]
[SourceDate "2025.05.31"]

1. e4 c5 2. Nf3 d6 3. Bb5+ Nc6 4. d4 cxd4 5. Nxd4 Bd7 6. Nc3 a6 7. Nxc6 bxc6 8.
Ba4 Nf6 9. O-O g6 10. Bf4 Bg7 11. e5 Nh5 12. Qf3 d5 13. Rfe1 Nxf4 14. Qxf4 O-O
15. Ne2 Rb8 16. b3 e6 17. Ng3 Qc7 18. Qd4 c5 19. Qe3 Bxa4 20. bxa4 Rb4 21. f4
Rxa4 22. Re2 Rb8 23. c3 Bf8 24. Rf2 c4 25. h4 Bc5 0-1

[Event "CEDIS Festival saha - 3. turnir"]
[Site "Podgorica"]
[Date "2025.05.31"]
[Round "2.6"]
[White "Zarudniak, Elisei"]
[Black "Markovic, Janko"]
[Result "1-0"]
[WhiteElo "1555"]
[BlackElo "1516"]
[PlyCount "113"]
[EventDate "2025.05.30"]
[EventType "swiss"]
[EventRounds "5"]
[EventCountry "MNE"]
[SourceDate "2025.05.31"]

1. e4 e6 2. d4 d5 3. Nd2 Nc6 4. c3 Nge7 5. Bd3 Ng6 6. Ndf3 Be7 7. Ne2 O-O 8.
O-O a6 9. Nf4 b5 10. a3 Bb7 11. e5 Nxf4 12. Bxf4 f6 13. Qc2 f5 14. Qd2 Qe8 15.
Bg5 Na5 16. Rae1 c5 17. Bxe7 Qxe7 18. b4 cxb4 19. cxb4 Nc4 20. Qa2 a5 21. Bxc4
bxc4 22. b5 Qd7 23. a4 Rac8 24. Rc1 Qf7 25. Rc3 h6 26. Nd2 Qe7 27. f4 Qb4 28.
Qa3 Qxa3 29. Rxa3 Rc7 30. Rc3 Rfc8 31. Rb1 Rb8 32. Nb3 Ra8 33. Nc5 Re7 34. Kf2
Kf7 35. Kf3 g6 36. h3 g5 37. g4 Kg6 38. Rg1 Rg8 39. gxf5+ Kxf5 40. Rc2 Ba8 41.
Rcg2 Bb7 42. h4 g4+ 43. Rxg4 Rxg4 44. Rxg4 Bc8 45. Rg8 Bd7 46. Ra8 Be8 47. b6
Bc6 48. Rxa5 Be8 49. b7 Bh5+ 50. Ke3 Rg7 51. b8=Q Rg3+ 52. Kd2 Rg2+ 53. Kc3
Rg3+ 54. Kb4 c3 55. Qf8+ Kg4 56. Qg7+ Kf5 57. Qxg3 1-0

[Event "CEDIS Festival saha - 3. turnir"]
[Site "Podgorica"]
[Date "2025.05.31"]
[Round "3.1"]
[White "Sekulic, Nikola"]
[Black "Sijaric, Alvir"]
[Result "1/2-1/2"]
[WhiteElo "1955"]
[BlackElo "1971"]
[PlyCount "147"]
[EventDate "2025.05.30"]
[EventType "swiss"]
[EventRounds "5"]
[EventCountry "MNE"]
[SourceDate "2025.05.31"]

1. d4 d5 2. Bf4 c6 3. Nf3 Qb6 4. Qc1 Bf5 5. e3 Nf6 6. Nbd2 e6 7. Be2 h6 8. h3
c5 9. c3 Nc6 10. O-O a5 11. dxc5 Bxc5 12. a4 O-O 13. Ne5 Nxe5 14. Bxe5 Ne4 15.
Nxe4 Bxe4 16. Bd4 Rac8 17. Qd2 Qd8 18. f3 Bf5 19. Bxc5 Rxc5 20. Rfd1 Qg5 21.
Kh2 h5 22. Qd4 Rfc8 23. h4 Qh6 24. Qf4 Qxf4+ 25. exf4 Bc2 26. Rd4 Bb3 27. Bb5
Bc4 28. b4 axb4 29. cxb4 R5c7 30. Bxc4 dxc4 31. a5 c3 32. b5 c2 33. Rc1 Rc5 34.
Rb4 Ra8 35. Ra4 Rxb5 36. Rxc2 b6 37. a6 Ra5 38. Rb4 R5xa6 39. Rc6 Rb8 40. Rb5
g6 41. Kh3 Kg7 42. g4 hxg4+ 43. Kxg4 Kf6 44. f5 Ra5 45. Rxa5 bxa5 46. fxe6 fxe6
47. Ra6 Rb4+ 48. f4 Ra4 49. Ra8 Ra1 50. Rf8+ Kg7 51. Ra8 a4 52. Ra5 a3 53. Kf3
a2 54. Kg2 Kf6 55. Kh2 Ke7 56. Ra6 Kd7 57. Kg2 Kc7 58. Ra3 Kc6 59. Ra8 Kb5 60.
Rb8+ Kc4 61. Ra8 Kb3 62. Rb8+ Kc3 63. Rc8+ Kd3 64. Ra8 Ke4 65. Ra4+ Kf5 66. Kh2
Kg4 67. Kg2 Kh5 68. Kh2 Rf1 69. Rxa2 Kxh4 70. Re2 Rxf4 71. Rxe6 g5 72. Kg2 Ra4
73. Re2 Kg4 74. Rb2 1/2-1/2

[Event "CEDIS Festival saha - 3. turnir"]
[Site "Podgorica"]
[Date "2025.05.31"]
[Round "3.3"]
[White "Lakusic, Zoran"]
[Black "Koprivica, Andrija"]
[Result "1/2-1/2"]
[WhiteElo "1737"]
[BlackElo "1695"]
[PlyCount "123"]
[EventDate "2025.05.30"]
[EventType "swiss"]
[EventRounds "5"]
[EventCountry "MNE"]
[SourceDate "2025.05.31"]

1. Nf3 d5 2. d4 e6 3. g3 Nf6 4. Bg2 Be7 5. O-O O-O 6. Re1 Nbd7 7. a3 b6 8. b4
c5 9. b5 Qc7 10. Bf4 Bd6 11. Bxd6 Qxd6 12. c4 Bb7 13. dxc5 Nxc5 14. Nc3 Rfd8
15. cxd5 Nxd5 16. Nxd5 Bxd5 17. Nh4 Rac8 18. Bxd5 Qxd5 19. Qxd5 Rxd5 20. Rad1
Rxd1 21. Rxd1 Na4 22. Rd7 Nc3 23. Rxa7 Nxe2+ 24. Kf1 Nc3 25. a4 Kf8 26. Nf3 Rc4
27. a5 Nxb5 28. Ra8+ Ke7 29. axb6 Nd6 30. Ra7+ Kf6 31. Rd7 Ne4 32. Rxf7+ Kxf7
33. Ne5+ Ke8 34. Nxc4 Kd7 35. f3 Nc5 36. Na5 Na4 37. b7 Kc7 38. Kf2 Nc5 39. Ke3
Nxb7 40. Nxb7 Kxb7 41. Ke4 Kc6 42. Ke5 Kd7 43. h4 Ke7 44. h5 h6 45. f4 Kf7 46.
g4 Ke7 47. g5 Kf7 48. Kd6 hxg5 49. fxg5 Kg8 50. Kxe6 Kf8 51. Kf5 Kf7 52. Ke5
Ke7 53. Kf5 Kf7 54. g6+ Kf8 55. Kg5 Kg8 56. h6 gxh6+ 57. Kxh6 Kh8 58. Kg5 Kg7
59. Kf5 Kg8 60. Kf6 Kf8 61. g7+ Kg8 62. Kg6 1/2-1/2

[Event "CEDIS Festival saha - 3. turnir"]
[Site "Podgorica"]
[Date "2025.05.31"]
[Round "3.5"]
[White "Kalac, Hajran"]
[Black "Zarudniak, Elisei"]
[Result "0-1"]
[WhiteElo "1797"]
[BlackElo "1555"]
[PlyCount "144"]
[EventDate "2025.05.30"]
[EventType "swiss"]
[EventRounds "5"]
[EventCountry "MNE"]
[SourceDate "2025.05.31"]

1. e4 c5 2. c3 g6 3. d4 cxd4 4. cxd4 Bg7 5. Nf3 e6 6. Be2 Ne7 7. O-O O-O 8. Be3
b6 9. Qd2 Bb7 10. Nc3 f5 11. e5 Nd5 12. Bh6 Nxc3 13. bxc3 Qc7 14. Rac1 Nc6 15.
h4 Ne7 16. Qg5 Rf7 17. h5 Qc6 18. Bxg7 Kxg7 19. hxg6 hxg6 20. Nh4 Rh8 21. Bf3
Qc8 22. Bxb7 Qxb7 23. Rfe1 Rh5 24. Qg3 Rf8 25. f4 Rfh8 26. Nf3 Qa6 27. Ra1 Qa3
28. Ng5 Rh1+ 29. Kf2 Qb2+ 30. Ke3 Nd5+ 31. Kf3 Qxc3+ 32. Kf2 Qxd4+ 33. Kf3 Rxe1
34. Rxe1 Rc8 35. Qh4 Rc3+ 36. Ke2 Nxf4+ 37. Kf1 Qd3+ 38. Kg1 Nh5 39. Nf3 Kf7
40. Ng5+ Ke8 41. Nf3 Rc4 42. Qg5 Rg4 43. Qh6 Qxf3 44. Qh8+ Kf7 45. Qh7+ Ng7 46.
Qh2 Qg3 47. Rd1 Qxh2+ 48. Kxh2 Ke7 49. Rc1 Ra4 50. Rc2 Ra3 51. Re2 a5 52. Kg1
b5 53. Kf2 b4 54. Rb2 Ne8 55. Ke2 Nc7 56. Rc2 Nd5 57. g4 Nc3+ 58. Kf2 Rxa2 59.
Rxa2 Nxa2 60. g5 b3 61. Ke2 b2 62. Kd2 b1=Q 63. Ke2 Nc3+ 64. Kd2 Nb5 65. Ke3
Qb4 66. Kd3 a4 67. Kc2 a3 68. Kd3 a2 69. Kc2 Qc3+ 70. Kd1 a1=R+ 71. Ke2 Ra2+
72. Kd1 Qa1# 0-1

[Event "CEDIS Festival saha - 3. turnir"]
[Site "Podgorica"]
[Date "2025.05.31"]
[Round "3.6"]
[White "Abramovic, Dragoljub"]
[Black "Pavlovic, David"]
[Result "1/2-1/2"]
[WhiteElo "2001"]
[BlackElo "1557"]
[PlyCount "66"]
[EventDate "2025.05.30"]
[EventType "swiss"]
[EventRounds "5"]
[EventCountry "MNE"]
[SourceDate "2025.05.31"]

1. Nf3 d5 2. e3 c5 3. Bb5+ Bd7 4. Qe2 Nf6 5. b3 a6 6. Bxd7+ Nbxd7 7. Bb2 g6 8.
O-O Bg7 9. Ne5 O-O 10. d3 Nxe5 11. Bxe5 Nd7 12. Bxg7 Kxg7 13. Nd2 f5 14. e4 d4
15. exf5 Rxf5 16. Rae1 e5 17. Nc4 b5 18. g4 Qg5 19. h4 Qxh4 20. gxf5 Qg5+ 21.
Kh2 Qh4+ 22. Kg2 Qg5+ 23. Kh3 Qh6+ 24. Kg3 Qf4+ 25. Kh3 Qh6+ 26. Kg3 Qf4+ 27.
Kg2 Qg5+ 28. Kh1 Qh4+ 29. Kg1 Qg5+ 30. Kh1 Qh4+ 31. Kg2 Qg5+ 32. Kh3 Qh6+ 33.
Kg3 Qf4+ 1/2-1/2

[Event "CEDIS Festival saha - 3. turnir"]
[Site "Podgorica"]
[Date "2025.05.31"]
[Round "3.7"]
[White "Markovic, Janko"]
[Black "Vukovic, Stefan"]
[Result "1-0"]
[WhiteElo "1516"]
[BlackElo "1415"]
[PlyCount "35"]
[EventDate "2025.05.30"]
[EventType "swiss"]
[EventRounds "5"]
[EventCountry "MNE"]
[SourceDate "2025.05.31"]

1. e4 e5 2. Nf3 Nc6 3. Bc4 Bc5 4. c3 Nf6 5. Nxe5 Nxe5 6. d4 Bxd4 7. cxd4 Nxc4
8. e5 Nd5 9. O-O O-O 10. Qg4 d6 11. Qg3 g6 12. Bg5 Qd7 13. Bf6 Nxf6 14. exf6
Qf5 15. Qh4 Nxb2 16. Nd2 Na4 17. Ne4 Qg4 18. Qh6 1-0

[Event "CEDIS Festival saha - 3. turnir"]
[Site "Podgorica"]
[Date "2025.06.01"]
[Round "4.1"]
[White "Jovancevic, Jovan"]
[Black "Sekulic, Nikola"]
[Result "1-0"]
[WhiteElo "2110"]
[BlackElo "1955"]
[PlyCount "69"]
[EventDate "2025.05.30"]
[EventType "swiss"]
[EventRounds "5"]
[EventCountry "MNE"]
[SourceDate "2025.05.31"]

1. d4 Nf6 2. c4 g6 3. h4 Bg7 4. Nc3 d5 5. h5 Nxh5 6. cxd5 e6 7. g4 Nf6 8. dxe6
Bxe6 9. e4 Nxg4 10. f3 Nf6 11. Bg5 h6 12. Bh4 g5 13. Bf2 c6 14. Qc2 Qc8 15.
O-O-O Nbd7 16. d5 cxd5 17. exd5 Nxd5 18. Nxd5 Qxc2+ 19. Kxc2 Rc8+ 20. Kb1 Ne5
21. Bb5+ Kf8 22. Ne3 f5 23. Ne2 f4 24. Nd4 Bf7 25. Nef5 Bg6 26. Ne6+ Kf7 27.
Nexg7 a6 28. Ba4 Rhd8 29. Bd4 Nc4 30. Bc2 Rh8 31. Be4 Rcd8 32. Nxh6+ Rxh6 33.
Rxh6 Bxe4+ 34. fxe4 Ne3 35. Ne6 1-0

[Event "CEDIS Festival saha - 3. turnir"]
[Site "Podgorica"]
[Date "2025.06.01"]
[Round "4.2"]
[White "Sijaric, Alvir"]
[Black "Koprivica, Andrija"]
[Result "1-0"]
[WhiteElo "1971"]
[BlackElo "1695"]
[PlyCount "161"]
[EventDate "2025.05.30"]
[EventType "swiss"]
[EventRounds "5"]
[EventCountry "MNE"]
[SourceDate "2025.05.31"]

1. d4 d5 2. c4 e6 3. cxd5 exd5 4. Nc3 Nf6 5. Bg5 Be7 6. e3 c6 7. Qc2 h6 8. Bh4
O-O 9. Bd3 Re8 10. Nge2 Ne4 11. Bxe7 Qxe7 12. O-O Bf5 13. Rae1 Nd7 14. f3 Nxc3
15. Nxc3 Bxd3 16. Qxd3 Qd6 17. e4 Qg6 18. Qd2 Nf6 19. e5 Nd7 20. f4 f5 21. Re3
Nf8 22. Qd3 Qf7 23. g4 g6 24. Rg3 Kh7 25. Nd1 Ne6 26. Ne3 Ng7 27. h3 Rg8 28.
Kh2 Raf8 29. Rgf3 Qd7 30. Rg1 Qe6 31. b4 b5 32. gxf5 Nxf5 33. Ng4 Rg7 34. Nf6+
Kh8 35. Rf2 Ne7 36. Rfg2 Qf5 37. Qxf5 Nxf5 38. Rxg6 Rxg6 39. Rxg6 Nxd4 40.
Rxh6+ Kg7 41. Rh7+ Kg6 42. Rxa7 Kf5 43. Nh7 Rg8 44. Rf7+ Kg6 45. e6 Nxe6 46.
Rf6+ Kxh7 47. Rxe6 Ra8 48. Rxc6 Rxa2+ 49. Kg3 Rb2 50. Rc5 Rxb4 51. Rxd5 Rb1 52.
Kg4 b4 53. Rb5 b3 54. Kg5 b2 55. Rb7+ Kg8 56. Kf5 Rh1 57. Rxb2 Rxh3 58. Kg6
Rg3+ 59. Kf6 Ra3 60. Rb8+ Kh7 61. Re8 Ra6+ 62. Re6 Ra1 63. Re7+ Kg8 64. Re8+
Kh7 65. f5 Ra6+ 66. Kf7 Ra5 67. f6 Ra7+ 68. Re7 Ra8 69. Rb7 Rc8 70. Rd7 Ra8 71.
Re7 Rb8 72. Re8 Rb7+ 73. Re7 Rb8 74. Rd7 Ra8 75. Ke7 Kg8 76. Rb7 Rf8 77. Rb1
Rf7+ 78. Ke6 Ra7 79. Rb8+ Kh7 80. f7 Ra6+ 81. Kd5 1-0

[Event "CEDIS Festival saha - 3. turnir"]
[Site "Podgorica"]
[Date "2025.06.01"]
[Round "4.3"]
[White "Djukanovic, Sreten"]
[Black "Vujadinovic, Zeljko"]
[Result "1-0"]
[WhiteElo "2106"]
[BlackElo "1803"]
[PlyCount "67"]
[EventDate "2025.05.30"]
[EventType "swiss"]
[EventRounds "5"]
[EventCountry "MNE"]
[SourceDate "2025.05.31"]

1. d4 d6 2. c4 b6 3. Nc3 Bb7 4. e4 e6 5. Nf3 Nf6 6. d5 exd5 7. exd5 Be7 8. Bd3
Nbd7 9. O-O h6 10. Bf4 Nh5 11. Be3 Nhf6 12. Qd2 Ng4 13. Bf4 Bg5 14. Rfe1+ Kf8
15. Nxg5 hxg5 16. Bxg5 f6 17. Bf4 Nge5 18. Bf1 Kg8 19. Bg3 g5 20. f4 gxf4 21.
Qxf4 Qe7 22. Nb5 c6 23. dxc6 Bxc6 24. Nd4 Bb7 25. Nf5 Qf8 26. Rad1 d5 27. cxd5
Rc8 28. Bf2 Rh5 29. Re3 Rg5 30. Rg3 Rxg3 31. Qxg3+ Kf7 32. Be2 Ke8 33. Ng7+ Ke7
34. d6+ 1-0

[Event "CEDIS Festival saha - 3. turnir"]
[Site "Podgorica"]
[Date "2025.06.01"]
[Round "4.4"]
[White "Abramovic, Dragoljub"]
[Black "Lakusic, Zoran"]
[Result "1-0"]
[WhiteElo "2001"]
[BlackElo "1737"]
[PlyCount "85"]
[EventDate "2025.05.30"]
[EventType "swiss"]
[EventRounds "5"]
[EventCountry "MNE"]
[SourceDate "2025.05.31"]

1. d4 Nf6 2. Bg5 e6 3. e4 Be7 4. Nd2 d6 5. Ngf3 a6 6. Bd3 b5 7. O-O h6 8. Bf4
Nbd7 9. Qe2 c5 10. c3 c4 11. Bc2 g5 12. Be3 g4 13. Ne1 h5 14. f4 e5 15. b3 exd4
16. Bxd4 cxb3 17. Bxb3 Rg8 18. e5 dxe5 19. fxe5 Nxe5 20. Qxe5 Kf8 21. Rxf6 Bxf6
22. Qxf6 Qxf6 23. Bxf6 Rg6 24. Bd4 f5 25. Bd5 Rb8 26. Ba7 Rd6 27. Bxb8 Rxd5 28.
Bf4 h4 29. Kf2 Kf7 30. Ke3 a5 31. Nd3 Ba6 32. Ne5+ Ke6 33. c4 bxc4 34. Ndxc4
Rc5 35. Rb1 Bxc4 36. Rb6+ Kd5 37. Nd7 Rc6 38. Rxc6 Kxc6 39. Ne5+ Kd5 40. Nxc4
Kxc4 41. Bd6 Kd5 42. Be7 h3 43. g3 1-0

[Event "CEDIS Festival saha - 3. turnir"]
[Site "Podgorica"]
[Date "2025.05.01"]
[Round "4.6"]
[White "Pavlovic, David"]
[Black "Markovic, Janko"]
[Result "1-0"]
[WhiteElo "1557"]
[BlackElo "1516"]
[PlyCount "137"]
[EventDate "2025.05.30"]
[EventType "swiss"]
[EventRounds "5"]
[EventCountry "MNE"]
[SourceDate "2025.05.31"]

1. g3 d5 2. Bg2 e5 3. d4 e4 4. c4 c6 5. Nc3 Nf6 6. Bg5 Be7 7. e3 O-O 8. Nge2
Be6 9. O-O Nbd7 10. Rc1 Nb6 11. cxd5 cxd5 12. Bf4 Nc4 13. b3 Nb2 14. Qd2 Nd3
15. Rc2 Rc8 16. Nc1 Nxf4 17. exf4 Bb4 18. N1e2 Qa5 19. Rfc1 Rc7 20. Qd1 Bg4 21.
h3 Bf3 22. Nb1 Bxe2 23. Qxe2 Rfc8 24. h4 Rxc2 25. Rxc2 Rxc2 26. Qxc2 Qd8 27.
Bh3 h6 28. Nd2 b6 29. Nf1 Bd6 30. Ne3 Qc7 31. Qxc7 Bxc7 32. Bc8 Kf8 33. Bb7 b5
34. Nxd5 Nxd5 35. Bxd5 f5 36. Bc6 b4 37. Kf1 Bb6 38. d5 Ke7 39. Ke2 a5 40. f3
exf3+ 41. Kxf3 Bc5 42. g4 Kf6 43. Bd7 fxg4+ 44. Kxg4 Bd6 45. Kf3 Ke7 46. Be6
Kf6 47. Ke4 Kg6 48. Bg4 Kf6 49. h5 g6 50. hxg6 Kxg6 51. Kd4 Kf6 52. Kc4 Ke7 53.
Kb5 Bc7 54. Kc6 Bd8 55. d6+ Ke8 56. Bh5+ Kf8 57. Kd7 Bb6 58. Kc8 a4 59. bxa4
Ba5 60. f5 Bb6 61. f6 Ba5 62. d7 b3 63. axb3 Bb6 64. d8=Q+ Bxd8 65. Kxd8 Kg8
66. a5 Kf8 67. a6 Kg8 68. a7 Kh7 69. Bg6+ 1-0

[Event "CEDIS Festival saha - 3. turnir"]
[Site "Podgorica"]
[Date "2025.05.01"]
[Round "5.1"]
[White "Sijaric, Alvir"]
[Black "Jovancevic, Jovan"]
[Result "1/2-1/2"]
[WhiteElo "1971"]
[BlackElo "2110"]
[PlyCount "44"]
[EventDate "2025.05.30"]
[EventType "swiss"]
[EventRounds "5"]
[EventCountry "MNE"]
[SourceDate "2025.05.31"]

1. d4 d5 2. Nf3 Nf6 3. g3 c5 4. c3 e6 5. Bg2 Nc6 6. O-O Be7 7. Nbd2 cxd4 8.
cxd4 O-O 9. Nb3 a5 10. Bg5 h6 11. Bxf6 Bxf6 12. Rc1 Qb6 13. Qd2 Bd7 14. Nc5
Rfd8 15. Nxd7 Rxd7 16. Rfd1 a4 17. e3 Be7 18. Bf1 Rc7 19. Bd3 Rac8 20. Rc2 Nb4
21. Rxc7 Qxc7 22. Bb1 Bd6 1/2-1/2